Ordenança General de Serveis Funeraris, adaptada a la llei del Parlament de Catalunya 2/1997, de 3 d'abril : publicada al BOP núm. 112, de data 10 de maig de 1997 publicada al BOP núm. 112, de data 10 de maig de 1997
Publicado:
Barcelona :
Diputació de Barcelona. Secretaria d'Assumptes Generals. Servei d'Assistència Jurídica Local ,
1997
Descripción Física:
62, [42] f., 1 disquet magnètic ; 30 cm
Materias:
Serveis funeraris -- Ordenances
MARC
| LEADER | 00000nam a2200000Ia 4500 | ||
|---|---|---|---|
| 001 | 11654 | ||
| 008 | 160829s1997 xx 000 0 cat d | ||
| 080 | |a D-1-5 | ||
| 110 | 1 | |a Barcelona (Catalunya : Província). |b Servei d'Assistència Jurídica Local |9 54263 | |
| 245 | |a Ordenança General de Serveis Funeraris, adaptada a la llei del Parlament de Catalunya 2/1997, de 3 d'abril : |b publicada al BOP núm. 112, de data 10 de maig de 1997 | ||
| 260 | |a Barcelona : |b Diputació de Barcelona. Secretaria d'Assumptes Generals. Servei d'Assistència Jurídica Local, |c 1997 | ||
| 300 | |a 62, [42] f., 1 disquet magnètic ; |c 30 cm | ||
| 650 | |a Serveis funeraris |x Ordenances |9 20800 | ||
| 901 | |a Arxiu | ||
| 942 | |n 1 | ||
| 952 | |0 0 |1 0 |4 0 |6 D15 |7 1 |9 41679 |a Arxiu |b Arxiu |d 2016-12-01 |l 0 |o D-1-5 |p 11654 |r 2016-12-01 00:00:00 |w 2016-12-01 |y ARXIU | ||
| 999 | |c 43569 |d 43569 | ||